| 000 | 01588cam a22004217a 4500 | ||
|---|---|---|---|
| 001 | 000094735 | ||
| 003 | CHAP | ||
| 005 | 20220329143041.0 | ||
| 008 | 051024d2005 mx r 00110 spa d | ||
| 010 | _a91201 | ||
| 011 | _a92173 | ||
| 035 | _a102736 | ||
| 040 | _cCHAP | ||
| 090 | _aTesis | ||
| 100 | 0 | 0 |
_aSilva López, Hugo. _9106013 |
| 245 | 1 | 3 |
_aEl impacto de la capacitación por normas técnicas de competencia laboral en la formación ocupacional y en el desarrollo productivo del sector agropecuario del estado de Morelos / _c/por Hugo Silva López. |
| 260 |
_aChapingo, Méx. : _bEl autor, _c2005. |
||
| 300 | _a198 h. | ||
| 502 | _aTesis (Doctor en Ciencias en Educación Agrícola Superior) - - UACH. Departamento de Sociología Rural | ||
| 590 |
_aALEPH _b10 _c20130110 _lUCH01 _h1507 |
||
| 590 |
_aBATCH-UPD _b10 _c20130110 _lUCH01 _h0706 |
||
| 590 |
_aBATCH-UPD _b10 _c20130410 _lUCH01 _h0351 |
||
| 590 |
_aBATCH-UPD _b10 _c20130914 _lUCH01 _h0033 |
||
| 590 |
_aBATCH-UPD _b10 _c20140324 _lUCH01 _h1452 |
||
| 590 |
_aBATCH-UPD _b10 _c20141002 _lUCH01 _h0827 |
||
| 590 |
_aCONVERSION _b10 _c20130109 _lUCH01 _h1350 |
||
| 590 |
_aE12093SGE _b10 _c20130611 _lUCH01 _h1034 |
||
| 650 | 1 | 4 |
_aAgricultura _xMorelos. _91747 |
| 650 | 1 | 4 |
_aCapacitación. _918690 |
| 650 | 1 | 4 |
_aCompetencia laboral. _926095 |
| 856 |
_3Finding aid _uhttp://10.13.5.2/tesis/102736.pdf _zTeclea aquí |
||
| 901 | _aBK | ||
| 905 | _aLilia | ||
| 942 | _cCD | ||
| 942 | _n0 | ||
| 949 |
_aTesis _bBC _cTES _d1027361 _eTS1 _h44247 _i102736 _sb |
||
| 949 |
_aTesis _bBC _cTES _d33724000966032 _eTS2 _fc.2 _h44248 _i102736 _si |
||
| 999 |
_c91201 _d91201 |
||